|
|
|
|
| LEADER |
00644cam a2200205 a 4500 |
| 001 |
0000084120 |
| 005 |
20070212090000.0 |
| 040 |
|
|
|a mod
|
| 041 |
|
|
|a eng
|
| 020 |
0 |
0 |
|a 0131290142
|
| 090 |
0 |
0 |
|a 005.133
|b DEI
|e 2005
|
| 100 |
1 |
0 |
|a Deitel
|
| 245 |
1 |
0 |
|a Java
|b how to program
|c Deitel
|
| 250 |
0 |
0 |
|a 6th ed
|
| 260 |
0 |
0 |
|a New Jersey
|b Pearson Education
|c 2005
|
| 300 |
0 |
0 |
|a lxvi, 1576 p.
|c 23 cm + CD Rom (3 3/4 in.)
|
| 500 |
0 |
0 |
|a Includes index
|
| 650 |
0 |
0 |
|a Java ( Computer program language)
|
| 999 |
|
|
|a 0251796
|b KD Pelandok
|d BOOKS
|e Umum
|f KD PELANDOK
|j AVAILABLE
|q GOOD CONDITION
|
| 999 |
|
|
|a 02741
|b KD Pelandok
|d COMPACT DISC
|e Umum
|f KD PELANDOK
|j WEEDED
|q GOOD CONDITION
|